000 00797nam a2200277 4500
003 OSt
005 20260530113844.0
008 260505b2006 nyua|||| |||| 00| 0 eng d
020 _a006113743X
020 _a9780061137433
040 _aICI
_bspa
_cICI
041 _aeng
050 _aNC997
_bC73 2006
100 1 _aDavid E. Carter
_930528
245 0 0 _aCreativity 35 /
_ceditor, David E. Carter
246 3 0 _aCreativity thirty-five
264 1 _aNew York :
_bCollins Design,
_cc2006
300 _a400 páginas :
336 _atexto
_2rdacontent
337 _asin medio
_2rdamedia
338 _avolumen
_2rdacarrier
650 4 _aArte comercial
_zEstados Unidos
_930529
650 4 _aArte comercial
_vExposiciones
_930530
700 1 _aCarter, David E.,
_eeditor
_930531
942 _2lcc
_cBK
_n1
999 _c11220
_d11220